[Event "Mentese GM 2019"]
[Site "Mentese"]
[Date "2019.06.26"]
[Round "5.1"]
[White "Annaberdiev, Meilis"]
[Black "Sevdimaliyev, Urfan"]
[Result "1-0"]
[WhiteElo "2532"]
[BlackElo "2362"]
[Annotator "TA"]
[PlyCount "83"]
[EventDate "2019.06.24"]
[EventType "schev"]
[EventCountry "TUR"]
[SourceTitle "playchess.com"]
[Source "ChessBase"]
[SourceQuality "1"]

{[%evp 15,83,-20,9,-2,-5,-8,0,-3,0,0,7,0,7,4,39,41,70,46,41,48,86,80,85,83,77,87,116,111,107,110,115,87,109,98,132,119,172,81,64,0,0,0,0,0,27,15,437,403,379,24,23,8,8,5,25,18,181,183,292,282,291,300,286,295,283,263,347,289,464,456]} 1. e4 c5 2. Nc3 d6 3. f4 g6 4. Nf3 Bg7 5. Bb5+ Bd7 6. Bxd7+ Qxd7 7. O-O Nc6 8. d3 Nf6 9. h3 {B23: Closed Sicilian: Lines without g3} (9. Bd2 O-O 10. Qe1 b5 11. Ne2 a5 12. f5 Nb4 13. Qd1 c4 14. Nf4 cxd3 15. cxd3 gxf5 16. exf5 Qxf5 {0-1 (41) Kislinsky,A (2481)-Navara,D (2732) Ostrava 2017}) 9... O-O 10. Be3 b6 11. Ne2 {The position is equal.} Ne8 $146 ({Predecessor:} 11... c4 12. Ng3 cxd3 13. cxd3 e5 14. Qd2 exf4 15. Bxf4 Rfe8 16. Rf2 Qe6 {0-1 (39) Pineiro Lozano,L (1924)-Roa Alonso,S (2451) Alcala de Henares 2007}) 12. c3 f5 13. Qb3+ Kh8 14. Ng3 fxe4 15. dxe4 Na5 16. Qd1 Nc4 17. Bc1 b5 18. f5 Nc7 19. Qe2 Ne5 20. Bf4 c4 21. Nxe5 dxe5 22. Rad1 Qc6 23. Be3 a5 24. h4 gxf5 25. Nxf5 Bf6 (25... Qxe4 $16 26. Nxg7 Rxf1+ 27. Rxf1 Nd5) 26. Bg5 (26. Bh6 $1 $18 {is more deadly.}) 26... Ne6 $16 27. Qg4 (27. Bh6 $14) 27... Bxg5 $11 28. hxg5 Nf4 29. Kh2 Qxe4 30. Nxe7 {Black must now prevent g6!} Rad8 $2 {[%mdl 8192]} (30... Rae8 $11 {and Black has nothing to worry.} 31. Nd5 h5) 31. Rxd8 Rxd8 32. Rf2 $2 (32. Rd1 $1 $18 {[%cal Rd1d8]} Ra8 33. g6 $1 {[%mdl 512]} hxg6 34. Rd6 Qxg2+ 35. Qxg2 Nxg2 36. Kxg2 (36. Nxg6+ Kh7 $14)) 32... Qb7 $1 {[%cal Rb7e7]} 33. Nf5 Qd7 $132 {[%mdl 2048] Strongly threatening ...h5. Black is not keeping still} 34. Nh6 Qxg4 35. Nxg4 {[%mdl 4096] Endgame KRN-KRN} Ng6 $2 {[#]} (35... Kg7 $11 {and Black is okay.}) 36. Rf7 $1 $18 Rf8 (36... Re8 {is a better defense.} 37. Rxh7+ {[%mdl 64] Decoy} Kxh7 38. Nf6+ {[%mdl 64] Double Attack} Kh8 39. Nxe8 Nf4) 37. Rb7 {Hoping for Nf6.} Re8 38. Rxb5 e4 {next ...e3 is good for Black.} 39. Ne3 ({Stronger than} 39. Rxa5 e3 $15) 39... a4 40. Ra5 Rd8 41. Nxc4 Rd3 $2 (41... Re8 {keeps fighting.} 42. Ne3 Rb8 43. Rxa4 Rxb2) 42. Rxa4 {Accuracy: White = 69%, Black = 42%.} 1-0

[Event "Mentese GM 2019"]
[Site "Mentese"]
[Date "2019.06.26"]
[Round "5.2"]
[White "Ozen, Deniz"]
[Black "Maghalashvili, Davit"]
[Result "1/2-1/2"]
[WhiteElo "2405"]
[BlackElo "2500"]
[Annotator "TA"]
[PlyCount "26"]
[EventDate "2019.06.24"]
[EventType "schev"]
[EventCountry "TUR"]
[SourceTitle "playchess.com"]
[Source "ChessBase"]
[SourceQuality "1"]

{[%evp 24,26,0,0,0]} 1. d4 d5 2. c4 dxc4 3. e4 Nf6 4. e5 Nd5 5. Bxc4 Nb6 $146 ({Predecessor:} 5... Nc6 6. Nf3 Nb6 {½-½ (12) Timofeev,A (2592)-Sjugirov,S (2663) Moscow 2019}) 6. Bb3 Nc6 7. Nf3 Bg4 8. Ng5 Bxd1 9. Bxf7+ Kd7 10. Be6+ Ke8 11. Bf7+ Kd7 12. Be6+ Ke8 13. Bf7+ Kd7 {D20: Queen's Gambit Accepted: 3 e3 and 3 e4} 1/2-1/2

[Event "Mentese GM 2019"]
[Site "Mentese"]
[Date "2019.06.26"]
[Round "5.3"]
[White "Atakisi, Umut"]
[Black "Bagaturov, Giorgi"]
[Result "1/2-1/2"]
[WhiteElo "2388"]
[BlackElo "2422"]
[Annotator "TA"]
[PlyCount "96"]
[EventDate "2019.06.24"]
[EventType "schev"]
[EventCountry "TUR"]
[SourceTitle "playchess.com"]
[Source "ChessBase"]
[SourceQuality "1"]

{[%evp 16,96,39,28,56,87,96,56,113,115,96,3,-6,-62,-62,-64,-74,-134,-152,-172,-97,-129,-128,-146,-109,-290,-284,-256,-265,-258,-263,-263,-258,-247,-222,-312,-301,-481,-468,-412,-97,-97,-97,-85,-89,-87,-82,-108,-41,-80,-51,-68,0,0,0,0,0,0,0,0,0,0,0,0,0,0,0,0,0,0,0,0,0,0,0,0,0,0,0,0,0,0,0]} 1. d4 Nf6 2. c4 g6 3. Nc3 Bg7 4. e4 d6 5. f3 O-O 6. Nge2 e5 7. d5 c6 8. Be3 cxd5 9. cxd5 Nh5 {E89: King's Indian: Sämisch: 6...e5 7 d5 c6 8 Nge2 cxd5} (9... a6 10. Qd2 Nbd7 11. g4 h5 12. g5 Nh7 13. Rg1 f6 14. gxf6 Qxf6 15. O-O-O b5 16. Kb1 Nc5 17. b4 Na4 18. Nxa4 bxa4 19. Nc3 a3 20. Ka1 Rb8 21. Rb1 {1-0 (40) Bocharov,D (2562)-Samusenko,M (2442) Kazan 2018}) 10. Qd2 f5 11. O-O-O a6 (11... Nf6 $14) 12. exf5 $146 ({Predecessor:} 12. g3 Nd7 13. Bg2 b5 14. Rhf1 Qa5 15. a3 Nc5 16. Bxc5 dxc5 17. h3 b4 18. Nb1 {0-1 (28) Chekletsova,D (1723)-Zaitseva,L (1920) Moscow 2017}) 12... gxf5 13. f4 ({White should try} 13. Ng3 $16 Qe8 14. Bg5) 13... Nd7 14. h3 (14. fxe5 $11 Nxe5 15. Nd4) 14... b5 $15 {[%cal Bb7b5,Bb5b4][%mdl 32]} 15. g4 Nxf4 16. Nxf4 (16. gxf5 $142 b4 17. Ne4) 16... exf4 $17 17. Bxf4 {[#]} Ne5 (17... b4 $1 $19 {[%cal Rb4c3]} 18. Na4 Ne5 19. Qxb4 fxg4 20. hxg4 Bxg4 21. Bxe5 Qg5+ 22. Qd2 Qxe5) 18. Bh6 Ra7 19. g5 b4 20. Na4 $2 (20. Qd4 $17 {is the only way for White.}) 20... Qa5 $19 ({Not} 20... Bd7 21. Qxb4 Qc7+ 22. Nc3 $17) 21. b3 Bd7 22. Bxg7 Kxg7 23. Kb1 Bxa4 24. bxa4 Rc7 ({Don't play} 24... Qxa4 25. Bc4) 25. Bd3 (25. Rc1 {was called for.} Rc3 26. Qd4) 25... Qxa4 ({Worse is} 25... Qxd5 26. Bxa6 Qe4+ 27. Ka1 $11) 26. Rc1 (26. Qb2 $142) 26... Rxc1+ 27. Rxc1 Qa5 $2 (27... b3 $19 {has better winning chances.} 28. Rc3 bxa2+ 29. Ka1 Qd4) 28. Qc2 $17 Qxd5 29. Bxf5 Nc4 30. Qxc4 Qxf5+ {[%mdl 4096] Endgame KQR-KQR} 31. Rc2 Qxg5 (31... a5 $17 32. Qc7+ Kg8 33. Qxd6 Rc8) 32. Qc7+ Rf7 33. Qxd6 Rf1+ (33... a5 $1 $15) 34. Kb2 $11 {The position is equal.} Qf6+ (34... h5 {is more complex.} 35. Qxb4 Qf6+ 36. Ka3 Rf3+ 37. Ka4 Rf4) 35. Qxf6+ Rxf6 {KR-KR} 36. Kb3 a5 {Strongly threatening ...Rf3+.} 37. Ka4 Rf3 {aiming for ...Ra3+.} 38. Kxa5 b3 39. Rg2+ Kf6 40. a4 {[%cal Ba2a4,Ba4a5,Ba5a6,Ba6a7][%mdl 32]} Rxh3 41. Kb4 h5 42. a5 Re3 43. a6 Re6 44. Kb5 Re8 45. a7 h4 46. Rb2 Kf5 47. Rxb3 Kg4 48. Ka6 {[#] Black must now prevent Rb8.} Ra8 {Accuracy: White = 45%, Black = 66%.} 1/2-1/2

[Event "Mentese GM 2019"]
[Site "Mentese"]
[Date "2019.06.26"]
[Round "5.4"]
[White "Sibashvili, Giorgi"]
[Black "Odeev, Handszar"]
[Result "1-0"]
[WhiteElo "2368"]
[BlackElo "2386"]
[Annotator "TA"]
[PlyCount "75"]
[EventDate "2019.06.24"]
[EventType "schev"]
[EventCountry "TUR"]
[SourceTitle "playchess.com"]
[Source "ChessBase"]
[SourceQuality "1"]

{[%evp 12,75,25,11,9,0,5,-19,-31,-48,-46,-51,-29,-102,-5,-45,-40,-145,-11,-11,25,29,29,31,22,31,19,18,41,52,53,48,103,102,100,99,94,96,103,110,87,47,61,67,80,64,150,145,481,476,963,941,1483,1470,1475,1463,1159,1185,872,768,29983,29984,29984,29985,29984,29985]} 1. Nf3 c5 2. c4 g6 3. Nc3 Bg7 4. g3 Nc6 5. Bg2 d6 6. O-O Bd7 7. a3 Qc8 {A37: Symmetrical English vs ...g6: 4 Bg2 Bg7 5 Nf3} 8. Re1 Bh3 9. Bh1 h5 {The position is equal.} 10. e3 $146 ({Predecessor:} 10. b4 h4 11. bxc5 dxc5 12. Qb3 hxg3 13. hxg3 Bd7 14. Rb1 Na5 15. Qc2 {0-1 (70) Tadic,B (2518)-Damljanovic,B (2555) Kragujevac 2011}) 10... Bg4 11. Qa4 Nh6 12. b4 (12. h4 $11) 12... O-O (12... h4 $1 $17) 13. bxc5 dxc5 14. Rb1 ({White should play} 14. Bb2 $15) 14... Rb8 (14... Bxc3 $1 $17 15. dxc3 Bxf3 16. Bxf3 Qf5) 15. Bb2 $11 Bxf3 16. Bxf3 Ne5 17. Bg2 Nf5 18. Ba1 Rd8 19. Red1 (19. Qxa7 Nxc4 20. e4 Nd4 $11) 19... h4 20. Ne4 ({Reject} 20. Qxa7 Nxc4 21. Ne4 (21. Bxb7 $2 Qc7 $19) 21... Bxa1 $11) 20... hxg3 21. hxg3 a6 {[#]} (21... Nd3 $14) 22. Bxe5 $1 $16 Bxe5 23. Qa5 Nd6 24. Qxc5 Nxe4 25. Qxe5 Nxd2 26. Rbc1 {aiming for Qb2.} Nb3 27. Rxd8+ $1 Qxd8 {[#]} 28. Rb1 $1 $36 {[%cal Rb1b3][%mdl 2048] Black is under pressure.} Rc8 (28... Na5 $1 $14) 29. Bxb7 Rc5 $2 {[%mdl 8192]} (29... Nd2 $16 {is tougher.}) 30. Bd5 $18 e6 (30... Nd2 $142 31. Rb8 Rc8) 31. Rxb3 exd5 {[%mdl 4096] Endgame [#] KQR-KQR} 32. Rb8 $1 Rc8 33. Rxc8 Qxc8 34. cxd5 Qc1+ 35. Kg2 Qxa3 36. d6 {White mates.} Qd3 37. Qe8+ Kg7 38. d7 {Accuracy: White = 56%, Black = 34%.} 1-0

[Event "Mentese GM 2019"]
[Site "Mentese"]
[Date "2019.06.26"]
[Round "5.5"]
[White "Alumert, Orkun Efe"]
[Black "Simantsev, Mikhail"]
[Result "1-0"]
[WhiteElo "2008"]
[BlackElo "2371"]
[Annotator "TA"]
[PlyCount "53"]
[EventDate "2019.06.24"]
[EventType "schev"]
[EventCountry "TUR"]
[SourceTitle "playchess.com"]
[Source "ChessBase"]
[SourceQuality "1"]

{[%evp 26,53,0,-15,-12,-15,-7,-17,-13,-13,0,-27,-28,-33,5,3,95,92,140,157,117,0,509,522,902,919,1499,1456,29996,29997]} 1. e4 c5 2. Nf3 d6 3. Bb5+ Bd7 4. Bxd7+ Qxd7 5. O-O Nf6 6. Re1 Nc6 7. c3 e6 8. d4 cxd4 9. cxd4 d5 10. e5 Ne4 11. Nbd2 Nxd2 12. Bxd2 Be7 13. Rc1 O-O 14. Rc3 Rfc8 {B52: Sicilian: Moscow Variation with 3...Bd7} 15. a3 (15. h4 Bd8 16. Rd3 Qc7 17. Ng5 h6 18. Nh3 Ne7 19. Bc3 b5 20. Nf4 Nf5 21. Qg4 Bxh4 22. Nh5 {½-½ (52) Nakamura,H (2769)-Grischuk,A (2766) Paris 2018}) 15... Qd8 16. Rd3 b5 {The position is equal.} 17. h4 Bxh4 18. g4 {Strongly threatening g5.} Be7 19. Kg2 $1 a5 $146 ({Predecessor:} 19... Nb8 20. Rh1 Nd7 21. Rxh7 Kxh7 22. Qh1+ {1-0 (33) Fernandez Garcia,J (2422)-Hernandez Leon,A (2248) Tenerife 2018}) 20. Rh1 b4 (20... Qe8 $1 $11 {keeps the balance.}) 21. Qg1 $1 $16 bxa3 22. bxa3 h6 {[#]} 23. Qh2 ({White has to play} 23. g5 $1 $16 {[%mdl 512]}) 23... Bf8 $2 {[%mdl 8192]} (23... Kf8 $1 $11) 24. g5 $18 Ne7 25. gxh6 g6 {[#]} 26. Bg5 $1 {[%mdl 512] White threatens Bf6! and mate.} Kh7 {[#]} 27. Bf6 $1 {[%mdl 512] Accuracy: White = 64%, Black = 25%.} 1-0

[Event "Mentese GM 2019"]
[Site "Mentese"]
[Date "2019.06.26"]
[Round "6.1"]
[White "Maghalashvili, Davit"]
[Black "Annaberdiev, Meilis"]
[Result "*"]
[WhiteElo "2500"]
[BlackElo "2532"]
[Annotator "TA"]
[PlyCount "21"]
[EventDate "2019.06.24"]
[EventType "schev"]
[EventCountry "TUR"]
[SourceTitle "playchess.com"]
[Source "ChessBase"]
[SourceQuality "1"]

{[%evp 9,21,0,14,13,15,18,21,14,65,59,70,41,50,11]} 1. Nf3 e6 2. g3 b5 3. Bg2 Bb7 4. O-O Nf6 5. b3 c5 6. c4 {A05: Réti Opening: 1 Nf3 Nf6} bxc4 (6... a6 7. Na3 Qb6 8. Bb2 Be7 9. e3 d5 10. cxd5 Bxd5 11. d3 Nbd7 12. Qe2 O-O 13. Rfd1 Rfc8 14. Rac1 Bb7 {0-1 (62) Cheparinov,I (2710)-Fedoseev,V (2718) Riadh 2017}) 7. bxc4 Nc6 8. Nc3 Qc8 (8... Rb8 $11) 9. Rb1 $14 {White is slightly better.} Be7 10. d3 O-O 11. Bf4 $146 ({Predecessor:} 11. Qa4 Rb8 12. Bf4 d6 13. Nd2 Nb4 14. Bxb7 Rxb7 {1-0 (42) Garcia Martinez,S-Rodriguez,R Polanica Zdroj 1975}) *

[Event "Mentese GM 2019"]
[Site "Mentese"]
[Date "2019.06.26"]
[Round "6.2"]
[White "Bagaturov, Giorgi"]
[Black "Ozen, Deniz"]
[Result "1/2-1/2"]
[WhiteElo "2422"]
[BlackElo "2405"]
[Annotator "NA"]
[PlyCount "29"]
[EventDate "2019.06.24"]
[EventType "schev"]
[EventCountry "TUR"]
[SourceTitle "playchess.com"]
[Source "ChessBase"]
[SourceQuality "1"]
[TimeControl "5400+30"]

1. d4 {[%emt 0:00:30]} d5 {[%emt 0:00:30]} 2. c4 {[%emt 0:00:30]} c6 {[%emt 0:00:00]} 3. Nf3 {[%emt 0:00:30]} Nf6 {[%emt 0:00:00]} 4. Nc3 {[%emt 0:00:30]} dxc4 {[%emt 0:03:30]} 5. a4 {[%emt 0:00:30]} Bf5 {[%emt 0:01:30]} 6. e3 {[%emt 0:05:30]} e6 {[%emt 0:00:30]} 7. Bxc4 {[%emt 0:00:30]} Bb4 {[%emt 0:00:30]} 8. O-O {[%emt 0:00:30]} Nbd7 {[%emt 0:00:30]} 9. Qb3 {[%emt 0:01:30]} a5 {[%emt 0:00:00]} 10. Na2 {[%emt 0:01:30]} Be7 {[%emt 0:01:00]} 11. Qxb7 {[%emt 0:00:30]} Rb8 {[%emt 0:00:30]} 12. Qa7 {[%emt 0:00:30]} Ra8 {[%emt 0:00:00]} 13. Qb7 {[%emt 0:00:00]} Rb8 {[%emt 0:00:00]} 14. Qa7 {[%emt 0:00:00]} Ra8 {[%emt 0:00:30]} 15. Qb7 {[%emt 0:00:00]} 1/2-1/2

[Event "Mentese GM 2019"]
[Site "Mentese"]
[Date "2019.06.26"]
[Round "6.3"]
[White "Odeev, Handszar"]
[Black "Atakisi, Umut"]
[Result "*"]
[WhiteElo "2386"]
[BlackElo "2388"]
[Annotator "TA"]
[PlyCount "30"]
[EventDate "2019.06.24"]
[EventType "schev"]
[EventCountry "TUR"]
[SourceTitle "playchess.com"]
[Source "ChessBase"]
[SourceQuality "1"]

{[%evp 10,30,24,-16,36,35,32,33,36,24,27,28,26,25,27,36,44,33,41,40,44,43,56]} 1. e4 c5 2. Nf3 Nc6 3. Bb5 d6 4. Bxc6+ bxc6 5. O-O e5 6. Re1 Bg4 {B51: Sicilian: Moscow Variation (3 Bb5+) without 3...Bd7} ({Better is} 6... Be7 $11) 7. h3 $14 Bxf3 8. Qxf3 Nf6 9. d3 $146 ({Predecessor:} 9. c3 Be7 10. Qd1 O-O 11. d4 cxd4 12. cxd4 exd4 13. Qxd4 d5 14. exd5 cxd5 {1-0 (26) Miroshnichenko,E (2548)-Grivas,E (2494) Panormo 2002}) 9... Be7 10. Nd2 O-O 11. Nc4 Ne8 12. Qg4 Nf6 {White is slightly better.} 13. Qe2 g6 14. f4 exf4 15. Bxf4 Nh5 *

[Event "Mentese GM 2019"]
[Site "Mentese"]
[Date "2019.06.26"]
[Round "6.4"]
[White "Simantsev, Mikhail"]
[Black "Sibashvili, Giorgi"]
[Result "*"]
[WhiteElo "2371"]
[BlackElo "2368"]
[Annotator "TA"]
[PlyCount "32"]
[EventDate "2019.06.24"]
[EventType "schev"]
[EventCountry "TUR"]
[SourceTitle "playchess.com"]
[Source "ChessBase"]
[SourceQuality "1"]

{[%evp 15,19,20,20,15,18,15]} 1. d4 Nf6 2. c4 e6 3. Nc3 Bb4 4. Qc2 O-O 5. a3 Bxc3+ 6. Qxc3 d5 7. Nf3 dxc4 8. Qxc4 b6 9. Bg5 {E36: Nimzo-Indian: Classical: 4...d5 5 a3} Ba6 10. Qa4 {Predecessor:} c5 $146 11. dxc5 bxc5 12. Rc1 Qb6 13. Bxf6 gxf6 14. Rc2 Rd8 15. e3 Bxf1 16. Rxf1 Nc6 {½-½ (26) Lenderman,A (2637)-Sevian,S (2642) Saint Louis 2019} *

[Event "Mentese GM 2019"]
[Site "Mentese"]
[Date "2019.06.26"]
[Round "6.5"]
[White "Sevdimaliyev, Urfan"]
[Black "Alumert, Orkun Efe"]
[Result "1/2-1/2"]
[WhiteElo "2362"]
[BlackElo "2008"]
[Annotator "TA"]
[PlyCount "61"]
[EventDate "2019.06.24"]
[EventType "schev"]
[EventCountry "TUR"]
[SourceTitle "playchess.com"]
[Source "ChessBase"]
[SourceQuality "1"]

{[%evp 21,61,0,0,0,0,2,18,8,14,22,16,0,0,-4,3,3,4,0,0,0,0,0,0,0,0,0,0,0,0,0,0,-4,10,0,0,0,0,0,0,0,0,0]} 1. e4 e6 2. d4 d5 3. exd5 exd5 4. Nf3 Bd6 5. Bd3 Nf6 6. O-O O-O 7. Bg5 Bg4 8. Nbd2 Nbd7 9. c3 c6 10. Qc2 Qc7 11. Rae1 Rae8 {The position is equal.} 12. Bh4 {C01: French: Exchange Variation} Bh5 13. Bg3 Bg6 (13... Bxg3 {with more complications.} 14. hxg3 g6 15. b4 Kg7 16. a4 Bg4) (13... Bxg3 14. hxg3 Bg6 15. Rxe8 Rxe8 16. Re1 Rxe1+ 17. Nxe1 Qd8 18. Qd1 Bxd3 19. Nxd3 Qe7 {½-½ (31) Ramirez Alvarez,A (2572)-Ali Marandi,C (2521) Saint Louis 2018}) 14. Bxd6 $146 ({Predecessor:} 14. b3 Rxe1 15. Rxe1 Re8 16. Rxe8+ Nxe8 {½-½ (31) Terletsky,O (2312)-Kagramanianz,V (2301) Lvov 2017}) 14... Bxd3 15. Bxc7 Bxc2 16. Rxe8 (16. Bd6 {looks sharper.} Bd3 17. Bxf8 Rxf8 18. Nb3 Bxf1 19. Kxf1 Ne4 20. Nfd2) 16... Rxe8 17. Re1 Rxe1+ 18. Nxe1 Ne8 19. Nxc2 {[#] And now Bg3 would win.} Nxc7 $11 {[%mdl 4096] Endgame KNN-KNN} 20. Ne3 g6 21. g3 Ne6 22. Nf3 f6 23. h4 h5 24. Kg2 Kg7 25. Nd2 Kf7 26. f3 b5 27. Kf2 Ke7 28. Ke2 Nb6 29. b3 a5 30. Kd3 a4 31. Ndf1 {Accuracy: White = 70%, Black = 68%.} 1/2-1/2

[Event "Mentese GM 2019"]
[Site "Mentese"]
[Date "2019.06.27"]
[Round "7.1"]
[White "Annaberdiev, Meilis"]
[Black "Bagaturov, Giorgi"]
[Result "0-1"]
[WhiteElo "2532"]
[BlackElo "2422"]
[Annotator "TA"]
[PlyCount "86"]
[EventDate "2019.06.24"]
[EventType "schev"]
[EventCountry "TUR"]
[SourceTitle "playchess.com"]
[Source "ChessBase"]
[SourceQuality "1"]

{[%evp 26,122,-4,-31,-43,-62,-87,-120,-110,-103,-107,-121,-111,-166,-91,-216,-207,-344,-224,-217,-233,-225,-56,-58,-75,-54,-50,-56,-50,-65,8,0,0,0,14,24,43,39,85,76,87,86,70,-79,29,14,15,22,0,0,0,-185,-178,-372,-358,-357,-357,-351,-352,-467,-426,-474,-431,-458,-453,-920,-854,-814,-809,-1823,-1755,-1481,-1468,-1314,-1212,-1720,-1611,-6103,-6103,-29976,-1214,-1253,-1157,-2662,-2422,-12095,-2319,-29975,-29975,-29972,-29973,-4818,-1523,-29988,-781,-29971,-694,-29990,-29991]} 1. e4 c5 2. Nf3 Nc6 3. d4 cxd4 4. Nxd4 Nf6 5. Nc3 d6 6. Bc4 e6 7. Be3 a6 8. Qe2 Qc7 9. Bb3 Be7 10. O-O-O Na5 11. g4 b5 {[%cal Bb7b5,Bb5b4][%mdl 32]} 12. g5 Nxb3+ 13. axb3 Nd7 14. Kb1 b4 {B89: Sicilian: Velimirovic Attack} 15. Na2 a5 16. Nb5 Qb8 {Black is better.} 17. Qd3 {[%cal Rb5d6]} O-O 18. Nxd6 Ne5 $1 {[%cal Re5d3]} 19. Qd2 $146 (19. Qd4 $17 Nf3 20. Qd3) ({Predecessor:} 19. Qd4 Nf3 20. Qd3 Bxd6 21. Qxd6 Qxd6 22. Rxd6 {0-1 (69) Hua,D (2256)-Fishbein,A (2504) Philadelphia 2013}) 19... a4 (19... Nf3 $1 $19 {[%cal Rf3d2]} 20. Qe2 Bxd6 21. Qxf3 a4) 20. Bf4 (20. Nxb4 $2 Nf3 $19) (20. Bc5 $17 {keeps fighting.}) 20... axb3 $19 21. cxb3 (21. Bxe5 $142 bxc2+ 22. Qxc2) 21... Bb7 22. Qxb4 (22. Bxe5 $2 Bxd6 23. Qxd6 Bxe4+ 24. Kc1 Rc8+ 25. Kd2 Rd8 $19) 22... Bxd6 $1 23. Rxd6 Ng6 $2 ({Better is} 23... Nc6 $1 $19 {[%cal Rc6b4]} 24. Rxc6 Qxf4 {[%mdl 64] Double Attack}) 24. Bg3 $1 $15 Qa7 25. Nc3 {Hoping for Rhd1.} (25. Kc2 $2 Qxa2 26. Qxb7 Rab8 $19) 25... Qa1+ 26. Kc2 Qxh1 27. Qxb7 Ra1 (27... Qf3 $15 28. Qb6 Rfc8) 28. b4 $1 $11 Qc1+ 29. Kb3 Qxg5 30. b5 $1 Raa8 31. Ra6 {[%mdl 1024] White has compensation.} Rac8 32. Bd6 {Black must now prevent Rc6.} Rfe8 33. Rc6 Rcd8 {[%cal Bc8d8,Bd8d7,Bd7b7][%mdl 32]} 34. Qc7 (34. b6 $1 $14 {stays ahead.}) 34... Nf8 ({Black should play} 34... e5 $1 $17 35. b6 Nf4) 35. e5 Nd7 36. b6 Qg2 37. b7 {Strongly threatening Bb4.} Nb8 $1 $36 {[%mdl 2048] Black has some pressure.} (37... Qxf2 $2 38. Be7 $1 $18 {[%mdl 512]}) 38. Rc4 $2 (38. Rb6 $11) 38... Rd7 $19 ({Inferior is} 38... Qxf2 39. Qa5 $11) ({Don't go for} 38... Qxh2 $2 39. Qxd8 $3 {[%mdl 512]} Rxd8 40. Rc8 $1 $18 {[%mdl 512]}) 39. Qc5 $2 (39. Qc8 Qxb7+ 40. Qxb7 Rxb7+ 41. Ka2) 39... Rxb7+ 40. Kc2 {intending Qc8!} h6 41. b4 Nd7 ({Don't play} 41... Qxh2 42. Qd4 $19) 42. Qe3 {and the idea Qg3 leaves White hopeful.} Nb6 43. Rc5 Ra8 {Played: Nb6-d5} 0-1

[Event "Mentese GM 2019"]
[Site "Mentese"]
[Date "2019.06.27"]
[Round "7.2"]
[White "Ozen, Deniz"]
[Black "Odeev, Handszar"]
[Result "1-0"]
[WhiteElo "2405"]
[BlackElo "2386"]
[Annotator "TA"]
[PlyCount "151"]
[EventDate "2019.06.24"]
[EventType "schev"]
[EventCountry "TUR"]
[SourceTitle "playchess.com"]
[Source "ChessBase"]
[SourceQuality "1"]

{[%evp 9,151,14,25,14,14,15,30,14,24,18,9,2,8,5,5,9,13,0,12,14,17,12,20,5,0,0,7,0,14,0,0,0,57,43,54,60,79,68,285,277,276,262,340,353,416,416,654,653,618,629,600,359,412,360,461,339,421,449,485,450,445,424,487,480,479,446,895,853,757,502,507,502,499,495,481,433,435,433,421,406,898,385,443,442,1080,435,445,0,1053,0,432,422,478,406,400,393,391,391,510,488,580,575,843,608,679,570,570,544,679,683,667,666,606,589,576,445,680,393,752,792,785,748,1025,1013,958,781,598,287,385,379,487,464,576,574,562,533,29991,29992,29992,29992,29993,29993,29993,29988]} 1. e4 c5 2. Nf3 d6 3. Bb5+ Nd7 4. O-O a6 5. Bd3 Ngf6 6. Re1 $146 {B51: Sicilian: Moscow Variation (3 Bb5+) without 3...Bd7} (6. c3 b5 7. a4 c4 8. Be2 Bb7 9. axb5 axb5 10. Rxa8 Bxa8 11. Na3 Bxe4 12. Nxb5 d5 {½-½ (65) Harikrishna,P (2723)-Giri,A (2797) Shenzhen 2019}) ({Predecessor:} 6. c3 b5 7. Bc2 Bb7 8. Re1 e6 9. d4 {½-½ (31) Ozen,D (2411)-Yilmaz,M (2637) Marmaris 2018}) 6... e6 7. c3 Be7 8. Bc2 {White has an edge.} b5 9. d4 Bb7 10. Nbd2 Qc7 11. Nf1 O-O 12. Ng3 Rfe8 13. h3 Rac8 14. Bd3 Bf8 15. Be3 g6 16. a4 Bc6 17. axb5 axb5 18. Qd2 Ra8 19. Bg5 Rxa1 20. Rxa1 Qb7 ({Black should try} 20... c4 $11 21. Bc2 Bg7) 21. Qf4 $14 Be7 22. Qh4 Bd8 23. e5 Bxf3 $2 ({Better is} 23... dxe5 $1 $14 24. Nxe5 cxd4 25. cxd4 (25. Nxd7 Qxd7 26. Bxf6 dxc3 $11) 25... Qb6) 24. exf6 $18 Bc6 25. dxc5 $1 d5 26. b4 Qc7 27. Re1 e5 (27... Rf8 $142 28. f4 Qb7) 28. Bf5 Kh8 29. Bxd7 Bxd7 30. Bh6 e4 {Now ...Qe5 and Black clings on.} 31. Bf4 Qc8 32. Ne2 Re6 33. Bg5 Bc7 34. Nd4 Ra6 35. Bf4 Bd8 36. Be5 Kg8 {[#]} 37. c6 $1 {[%mdl 512]} Rxc6 (37... Bxc6 $142 38. Qh6 Bxf6) 38. Nxc6 Qxc6 39. Qf4 h6 40. Qxh6 {[%csl Ge5,Gf6][%cal Rh6g7]} Bxf6 41. Bxf6 Qxf6 {[%mdl 4096] Endgame KQR-KQB} 42. Qe3 Qa6 43. Qd4 Be6 44. h4 Kf8 {[#]} (44... Qa2 $142 45. h5 gxh5) 45. Qe5 (45. c4 $142 $1) 45... Ke7 46. Rd1 Qa2 {[#]} (46... Qa8 $142 47. g3 f6 48. Qc7+ Bd7) 47. Qd4 (47. c4 $142 $1) 47... Qa6 48. Qe5 (48. Qe3 $142) 48... Qa2 $1 {[#]} 49. Qd4 (49. c4 $142 $1 f6 (49... Qxc4 50. Ra1) 50. Qc7+ Ke8 {[#]} 51. Qd6 $1 {[%mdl 512]}) 49... Qa6 $1 50. Qd2 Qa3 51. Qc1 Qa2 52. Rd2 Qa7 53. Rb2 Kd7 54. Rb1 Qc7 55. Ra1 Ke7 56. Qe3 Kf6 57. Ra7 Qb8 58. h5 {And now h6 would win.} gxh5 59. Qh6+ {[%mdl 64] Double Attack} Kf5 60. Qxh5+ Kf6 61. Qh4+ Kf5 62. Ra1 {Hoping for g4+.} Qc8 (62... Qf4 $142 63. Qxf4+ Kxf4) 63. Qg3 Qc4 $2 (63... Kf6 64. Ra5 Qh8 65. Rxb5 Qh6) 64. f4 {[%csl Gf4][%cal Rg3g5]} exf3 {[#]} 65. Rf1 $1 Kf6 66. Qxf3+ Ke7 67. Qf6+ Kd7 68. Qd4 (68. Ra1 $142 Qd3 69. Ra7+ Kc6 70. Rxf7 Qd1+ 71. Kf2 Qc2+ 72. Kg3) 68... Qa2 69. Qc5 Qa4 70. Qb6 Ke7 71. Kh2 {Qc7+ is the strong threat.} Kd7 72. Rf4 Ke7 73. Qc7+ {White mates.} Kf8 74. Qd8+ Kg7 75. Qf6+ Kf8 76. Rh4 {Played: Qf6xe6} 1-0